000 00400nam a2200145Ia 4500
008 230312s9999||||xx |||||||||||||| ||und||
020 _a978-0-87389-678
082 _a658.4013
_bCRE
245 0 _aCertified Manager of Quality / Organizational Excellence
260 _bQuality Managemenet Devision
_aUSA
_c2005
300 _a648
546 _aEng.
650 _aManagement
_vtypes of terms
942 _cBK
999 _c6402
_d6402